000 05708cam a22018974i 4500
003 PE-LiUPU
005 20250813165944.0
008 150706s2013 sp a r 000 0 spa d
020 _a8461628357
020 _a9788461628353
035 _a(Sirsi) i9788461628353
040 _aPE-LiUPU
_bspa
_cPE-LiUPU
_erda
049 _aPRUA
082 0 4 _a658.827
_bC5
_221
082 0 4 _a658.827
_bC84 2013
245 0 4 _aLos 5 pilares del branding :
_banatomía de la marca /
_c[Joan Costa, Guillermo, Bosovsky].
246 3 _aCinco pilares del branding
264 1 _aBarcelona :
_bCosta Punto Com Editor,
_c2013.
300 _a141 páginas :
_bilustraciones ;
_c24 centimetros.
336 _atext
_2rdacontent
337 _aunmediated
_2rdamedia
338 _avolume
_2rdacarrier
490 0 _aColección Joan Costa
505 0 _aEl alma de la marca -- La era de las marcas -- La complejidad intrínseca de las marcas -- La estructura oculta de la marca -- Los cinco pilares de la marca -- El pulso de la marca -- Los protagonistas de la marca -- Brandinng con o sin investigación -- Las distintas concepciones de la investigación aplicable al branding -- De qué se ocupa la investigación en branding -- Las métricas de la marca -- El modelo 4D de investigación integrada -- La investigación de branding en el enfoque Dircom Research -- La redefinición de los roles en branding a partir del modelo 4D de investigación -- La voz de la marca -- Nombrar la realidad -- Los problemas de la creación de nombres -- El proceso de creación de nombres de marca -- La fortaleza de la marca -- Propiedad industrial: posición de privilegio y ventaja competitiva -- Principios fundamentales en el ámbito marcario -- Estrategia en la política de protección de marcas -- El rostro de la marca -- Visualizar el imaginario de una marca -- Los signos de la identidad visual -- Sin diferencia no hay identidad -- Rebranding, o cómo actualizar una marca -- Look & feel: cómo habla una marca -- La vida de la marca.
526 _aP203
526 _aP200
526 _aSEG65
526 _aSEG64
526 _aSEG63
526 _aSEG62
526 _aSEG61
526 _aSEG60
526 _aSEG59
526 _aSEG58
526 _aSEG57
526 _aSEG56
526 _aSEG55
526 _aSEG54
526 _aSEG53
526 _aSEG52
526 _aSEG51
526 _aSEG50
526 _aSEG49
526 _aSEG48
526 _aSEG47
526 _aSEG46
526 _aSEG24
526 _aSEG23
526 _aSEG22
526 _aSEG21
526 _aSEG20
526 _aSEG19
526 _aSEG18
526 _aSEG17
526 _aSEG16
526 _aSEG14
526 _aSEG13
526 _aSEG12
526 _aSEG11
526 _aSEG10
526 _aSEG09
526 _aSEG06
526 _aSEG05
526 _aSEG04
526 _aSEG03
526 _aSEG02
526 _aSEG68
526 _aSEG66
526 _aSEG45
526 _aSEG25
526 _aSEG01
526 _aP163
526 _aP162
526 _aP161
526 _aP160
526 _aP159
526 _aP158
526 _aP157
526 _aP156
526 _aP155
526 _aP154
526 _aP153
526 _aP152
526 _aP151
526 _aP150
526 _aP149
526 _aP142
526 _aP141
526 _aP140
526 _aP139
526 _aP138
526 _aP137
526 _aP132
526 _aP131
526 _aP130
526 _aP126
526 _aP125
526 _aP124
526 _aP123
526 _aP115
526 _aP122
526 _aP121
526 _aP116
526 _a P114
526 _aP112
526 _aP111
526 _aP104
526 _aP103
526 _aP102
526 _aP101
526 _aP100
526 _aP96
526 _aP95
526 _aP93
526 _aP92
526 _aP91
526 _aP88
526 _aP83
526 _aP82
526 _aP79
526 _aP78
526 _aP75
526 _aP74
526 _aP71
526 _aP69
526 _a P51
526 _aP49
526 _aP48
526 _aP47
526 _aP33
526 _aP31
526 _a P30
526 _aP29
526 _aP27
526 _aP26
526 _aP25
526 _aP24
526 _a P22
526 _aP10
526 _aP09
526 _a P08
526 _aP06
526 _aP05
526 _aP04
526 _aP01
541 _g030-0015168;
650 0 4 _aMarcas de fábrica.
650 0 4 _aDesarrollo de marcas.
650 0 4 _aPosicionamiento de marcas.
700 1 _aCosta, Joan,
_eeditor.
700 1 _aBosovsky, Guillermo,
_eeditor.
910 _agl
_cjck
_d20131029
942 _2ddc
_cBOOK
949 _a658.827 C5
_wDEWEY
_c1
_i68786
_lCCODEBUL1
_mBUL
_p23.00
_r0
_sY
_tBOOK
_u2015-7-6
_xFCE
_PP04
_o.STAFF. Colección Ciencias Empresariales
949 _a658.827 C84 2013
_wDEWEY
_c1
_iFJ01179
_lCCODEBUJ1
_mBUJ
_p23.00
_r0
_sY
_tBOOK
_u2016-07-21
_xFCE
_PP04
_o.STAFF. Colección General
994 _aC0
_bPEPRU
596 _a1 3
999 _a658.827 C5
_wDEWEY
_c56002
_i68786
_d56002
_e2020-1-22
_f2021-11-8
_g7
_lCCODEBUL1
_mBUL
_n9
_p23.00
_q1
_r0
_sY
_tBOOK
_u2015-7-6
_xFCE
_zP04
_0COMPRA
_o.STAFF. Colección Ciencias Empresariales
999 _a658.827 C84 2013
_wDEWEY
_c1
_iFJ01179
_d2018-5-27
_e2018-5-23
_f2022-2-1
_g4
_lCCODEBUJ1
_mBUJ
_n1
_p23.00
_r0
_sY
_tBOOK
_u2016-7-21
_xFCE
_zP04
_0COMPRA
_o.STAFF. Colección General Juliaca
980 _81
_gALBERTO SANCHEZ Responsable de Automatización